000
00268nam a2200109Ia 4500
008
220204s9999 xx 000 0 und d
082
_a
929 A/Z(CHU)
_b
PEL
100
_a
Pelling, Henry
245
0
_a
Winston Churchill
260
_a
New York
_b
E P Datta
_c
1974
942
_c
BK
999
_c
31787
_d
31787